01013nam a2200277 i 4500001000700000003000900007005001700016007000300033008004100036020001800077080001100095245025200106250001200358260004200370300003000412490003100442504003200473650002700505700003400532700002300566700003900589700002500628700003000653830003100683852002100714129316ES-MaACL20251207124548.0t|070612s1975 sp |||| | spa d a84-206-2062-9 a530.1203aLa teoría de la relatividad b: sus orígenes e impacto sobre el pensamiento moderno / cAlbert Einstein, Adolf Grümbaum, A.S. Eddington ... [et al.] ; selección e introducción de L. Pearce Williams ; versión de Miguel Paredes Larrucea. a2ª ed. aMadrid : bAlianza Editorial, c1975. a174 p. : bil. ; c20 cm.1 aAlianza universidad ; v62 aBibliografía: p. 173-174.04aRelatividad (Física)1 aEinstein, Albert, d1879-19551 aGrümbaum, Adolf.1 aEddington, Arthur Stanley c, Sir.1 aWilliams, L. Pearce.1 aParedes Larrucea, Miguel.1 aAlianza universidad ; v62 aES-MaACLjE-7883